Normal view
MARC view
- حسين ،غسان عزيز جمع وتحقيق وشرح
Entry Personal Name
001 - CONTROL NUMBER
- control field: 39557
003 - CONTROL NUMBER IDENTIFIER
- control field: JO-AjAnu
005 - DATE AND TIME OF LATEST TRANSACTION
- control field: 20230606080558.0
008 - FIXED-LENGTH DATA ELEMENTS
- fixed length control field: 230606|| aca||aabn | a|a d
040 ## - CATALOGING SOURCE
- Original cataloging agency: JO-AjAnu
- Transcribing agency: JO-AjAnu
100 ## - HEADING--PERSONAL NAME
- Personal name: حسين ،غسان عزيز جمع وتحقيق وشرح
670 ## - SOURCE DATA FOUND
- Source citation: Work cat.: (JO-AjAnu)20284: حسين ،غسان عزيز جمع وتحقيق وشرح, author, ورقة بن نوفل مبشر الرسول صلى الله عليه وسلم :عصره-حياته-شعره